| 000 | 00371 a2200133 4500 | ||
|---|---|---|---|
| 020 | _a9789968470780 | ||
| 082 |
_a861.972.85 _bES77p |
||
| 100 |
_aEspinoza, Byron _9779 |
||
| 245 | _aPreguntar el aire | ||
| 260 |
_aSan Jose, Costa Rica _bB. Espinoza H. _c2008 |
||
| 300 |
_a54 p _bill (col) _c17 cm |
||
| 650 |
_apoesia _xliteratura _zNicaragua _9780 |
||
| 700 |
_aByron Espinoza _9781 |
||
| 999 |
_c161 _d161 |
||